| 000 -LEADER |
| fixed length control field |
00828cam a22002535i 4500 |
| 020 ## - INTERNATIONAL STANDARD BOOK NUMBER |
| ISBN |
9781548584504 |
| 020 ## - INTERNATIONAL STANDARD BOOK NUMBER |
| ISBN |
1548584509 |
| 040 ## - CATALOGING SOURCE |
| Transcribing agency |
DPL |
| 082 ## - DEWEY DECIMAL CLASSIFICATION NUMBER |
| Classification number |
546 MCG 1957 A059 Or. |
| 100 1# - MAIN ENTRY--AUTHOR NAME |
| Personal name |
Audretsch, Robert W., |
| 245 13 - TITLE STATEMENT |
| Title |
An index of South Dakota and Minnesota Civilian Conservation Corps enrollee names : |
| Remainder of title |
over 19,800 names from two annuals compiled by C.N. Alleger in 1934 / |
| 246 1# - VARYING FORM OF TITLE |
| Title proper/short title |
Civilian Conservation Corps |
| 300 ## - PHYSICAL DESCRIPTION |
| Number of Pages |
332 pages ; |
| Dimensions |
28 cm |
| 650 #0 - SUBJECT ADDED ENTRY--TOPICAL TERM |
| Topical Term |
Public service employment |
| 650 #0 - SUBJECT ADDED ENTRY--TOPICAL TERM |
| Topical Term |
Public service employment |
| 650 #0 - SUBJECT ADDED ENTRY--TOPICAL TERM |
| Topical Term |
Conservation of natural resources |
| 650 #0 - SUBJECT ADDED ENTRY--TOPICAL TERM |
| Topical Term |
Conservation of natural resources |
| 650 #0 - SUBJECT ADDED ENTRY--TOPICAL TERM |
| Topical Term |
Forest conservation |
| 650 #0 - SUBJECT ADDED ENTRY--TOPICAL TERM |
| Topical Term |
Forest conservation |
| 650 #0 - SUBJECT ADDED ENTRY--TOPICAL TERM |
| Topical Term |
Work camps |
| 650 #0 - SUBJECT ADDED ENTRY--TOPICAL TERM |
| Topical Term |
Work camps |
| 700 1# - ADDED ENTRY--PERSONAL NAME |
| Personal name |
Alleger, Charles Nelson, |
| 942 ## - ADDED ENTRY ELEMENTS (KOHA) |
| Koha item type |
សៀវភៅភាសាអង់គ្លេស |
| 952 ## - LOCATION AND ITEM INFORMATION (KOHA) |
| Withdrawn status [LOCAL, KOHA] |
0 |